[Event "FRA-ch U20 Girls"]
[Site "Agen"]
[Date "2024.04.18"]
[Round "6"]
[White "Garnier, Elora"]
[Black "Tomas, Maureen"]
[Result "0-1"]
[WhiteElo "1564"]
[BlackElo "1692"]
[PlyCount "138"]
[EventDate "2024.04.14"]
[EventType "swiss"]
[EventRounds "9"]
[EventCountry "FRA"]
[SourceTitle "EXT 2025"]
[Source "ChessBase"]
[SourceDate "2024.10.14"]
[SourceVersion "1"]
[SourceVersionDate "2024.10.14"]
[SourceQuality "1"]

1. e4 c5 2. f4 d6 3. Nf3 g6 4. Nc3 Bg7 5. Bc4 e6 6. d3 Ne7 7. 0-0 0-0 8. Qe1 Nbc6 9. a4 b6 10. Qh4 d5 11. Ba2 Nd4 12. Rf2 dxe4 13. dxe4 Nec6 14. Qh3 Nxf3+ 15. Qxf3 Nd4 16. Qh3 Bb7 17. Be3 Qe7 18. Re1 Rad8 19. e5 Nf5 20. g4 Qh4 21. Qxh4 Nxh4 22. Ref1 Rd7 23. f5 gxf5 24. Bg5 Ng6 25. gxf5 exf5 26. e6 Rc7 27. Nb5 Rcc8 28. exf7+ Kh8 29. c3 h6 30. Bf4 Ba6 31. Bg3 Bxb5 32. axb5 c4 33. Rxf5 Kh7 34. Bb1 Kh8 35. Rh5 Kh7 36. Rh4 Rc5 37. Bxg6+ Kxg6 38. Rg4+ Rg5 39. Rxg5+ hxg5 40. Bd6 Rxf7 41. Rxf7 Kxf7 42. Bb8 Bf8 43. Bxa7 Bc5+ 44. Kg2 Ke6 45. Kf3 Kf5 46. h3 Bg1 47. Bb8 Bc5 48. Bg3 Bg1 49. Bf2 Bxf2 50. Kxf2 Ke4 51. Kg3 Kd3 52. Kg4 Kc2 53. Kxg5 Kxb2 54. h4 Kxc3 55. h5 Kb3 56. h6 c3 57. h7 c2 58. h8Q c1Q+ 59. Kg6 Qc5 60. Qh3+ Kb4 61. Qg4+ Kxb5 62. Qe2+ Kc6 63. Qe6+ Qd6 64. Qxd6+ Kxd6 65. Kf5 Kc5 66. Ke4 Kc4 67. Ke3 Kc3 68. Ke2 Kc2 69. Ke3 b5 0-1